000 00596nam a22002057a 4500
999 _c8174
_d8174
003 AR-CdUCM
008 190322b ||||| |||| 00| 0 spa d
020 _a968-18-0973-4
040 _aMUNICIPALIDAD PROVINCIAL DEL CUSCO
_cBIBLIOTECA MUNICIPAL DEL CUSCO
082 _a537 /
_bM57
100 _aMileal, Harry
_923056
245 _aCurso practico de electricidad /
260 _aMéxico :
_bLimusal,
_c1986.
300 _a139 paginas ;
_c23 cm.
505 _aContenido :v.3.
650 _aElectricidad
_915840
650 _aIngeniería eléctrica
_923057
942 _2ddc
_cLIBROS
945 _arum